Operacionnye usiliteli : (Rekord nr 18784)
| 000 -LEADER | |
|---|---|
| fixed length control field | 01113cam a2200289 i 4500 |
| 005 - DATE AND TIME OF LATEST TRANSACTION | |
| control field | 20171212141901.0 |
| 008 - FIXED-LENGTH DATA ELEMENTS--GENERAL INFORMATION | |
| fixed length control field | 160826s1982 ru a f |000 0 rusoc |
| 035 ## - SYSTEM CONTROL NUMBER | |
| System control number | xx003774795 |
| 039 #9 - LEVEL OF BIBLIOGRAPHIC CONTROL AND CODING DETAIL [OBSOLETE] | |
| Level of rules in bibliographic description | 201706130938 |
| Level of effort used to assign nonsubject heading access points | kopilwa |
| Level of effort used to assign subject headings | 201702080134 |
| Level of effort used to assign classification | VLOAD |
| Level of effort used to assign subject headings | 201702070146 |
| Level of effort used to assign classification | VLOAD |
| Level of effort used to assign subject headings | 201609140211 |
| Level of effort used to assign classification | VLOAD |
| -- | 201608260913 |
| -- | vaski |
| 040 ## - CATALOGING SOURCE | |
| Original cataloging agency | KIEL 010/ES |
| Transcribing agency | KIEL 010/ES |
| Modifying agency | KIEL 010/ES |
| 041 1# - LANGUAGE CODE | |
| Language code of text/sound track or separate title | rus |
| Language code of original and/or intermediate translations of text | eng |
| 100 1# - MAIN ENTRY--PERSONAL NAME | |
| Personal name | Dance, John Brian. |
| 240 10 - UNIFORM TITLE | |
| Uniform title | Op-amps |
| Language of a work | (ros.) |
| 245 10 - TITLE STATEMENT | |
| Title | Operacionnye usiliteli : |
| Remainder of title | princip raboty i primenenie / Dž. B. Dans ; perevod s anglijskogo S. M. Smol'skogo pod redakciej E. A. Bogatyreva. |
| 260 ## - PUBLICATION, DISTRIBUTION, ETC. (IMPRINT) | |
| Place of publication, distribution, etc | Moskva : |
| Name of publisher, distributor, etc | Ènergoizdat, |
| Date of publication, distribution, etc | 1982. |
| 300 ## - PHYSICAL DESCRIPTION | |
| Extent | 79, [1] s. : |
| Other physical details | il. ; |
| Dimensions | 20 cm. |
| 336 ## - | |
| -- | Tekst |
| -- | txt |
| -- | rdacontent |
| 337 ## - | |
| -- | Bez urządzenia pośredniczącego |
| -- | n |
| -- | rdamedia |
| 338 ## - | |
| -- | Wolumin |
| -- | nc |
| -- | rdacarrier |
| 504 ## - BIBLIOGRAPHY, ETC. NOTE | |
| Bibliography, etc | Bibliogr. s. 78. |
| 951 ## - EQUIVALENCE OR CROSS-REFERENCE-GEOGRAPHIC NAME/AREA NAME [OBSOLETE] [CAN/MARC only] | |
| Geographic name | KIEL_010 |
| 700 1# - ADDED ENTRY--PERSONAL NAME | |
| Personal name | Garkunov, Dmitrij Nikolaevič. |
| Relator term | Red. |
| 700 1# - ADDED ENTRY--PERSONAL NAME | |
| Personal name | Smol'skij, Sergej Mihajlovič |
| Dates associated with a name | (1946- ). |
| Relator term | Tł. |
| 700 1# - ADDED ENTRY--PERSONAL NAME | |
| Personal name | Bogatyrev, Evgenij Alekseevič. |
| Relator term | Red. |
| 710 2# - ADDED ENTRY--CORPORATE NAME | |
| Corporate name or jurisdiction name as entry element | Ènergoizdat (Moskwa). |
| Relator code | pbl |
| 961 ## - | |
| -- | WA_310 |
Brak dostępnych egzemplarzy.